| 000 | 00499nam a2200217Ia 4500 | ||
|---|---|---|---|
| 003 | 0100 | ||
| 008 | 130227s9999 xx 000 0 und d | ||
| 040 | _cARRUPELIB | ||
| 050 | _aPZ3.S334A7 2004 | ||
| 100 | _aSheldon, Sidney | ||
| 245 | _aAre you afraid of the dark? | ||
| 260 | _aLondon | ||
| 260 | _bHarper Collins Publishers | ||
| 260 | _C2004 | ||
| 300 | _a423p. | ||
| 300 | _b 24cm. | ||
| 650 | _bEthical relativism | ||
| 650 | _cHumanism | ||
| 650 | _dIdeology | ||
| 942 |
_2lcc _01 |
||
| 999 |
_c3310 _d3310 |
||